[Event "Bad Kissingen"]
[Site "Bad Kissingen"]
[Date "1981.??.??"]
[Round "?"]
[White "Lobron, Eric"]
[Black "Sosonko, Gennadi"]
[Result "1/2-1/2"]
[WhiteElo "2405"]
[BlackElo "2595"]

1.c4 c5 2.Nf3 Nc6 3.g3 g6 4.Bg2 Bg7 5.Nc3 e6 6.d3 Nge7 7.h4 h6 8.Bd2 d5 9.cxd5 exd5
10.Qc1 Bg4 11.O-O Rc8 12.Re1 Kf8 13.Bf4 b6 14.Qd1 Kg8 15.Qa4 d4 16.Nb5 Qd7
17.Nd6 Rd8 18.Nc4 Kh7 19.Bd6 Rhe8 20.Bxe7 Nxe7 21.Qxd7 Bxd7 22.Nfe5 Be6 23.Nc6 Rd7
24.Nxe7 Rdxe7 25.Bc6 Rb8 26.a4 a6 27.Bf3 h5 28.Kg2 Rc7 29.Nd6 Bh6 30.Reb1 Rd8
31.Ne4 c4 32.dxc4 Rxc4 33.a5 Rb8 34.axb6 Rxb6 35.Ra5 Kg7 36.Nc5 Bf5 37.Nd3 Rc2
38.Kf1 Rf6 39.Rd1 Bd2 40.Ra3 a5 41.Kg2 Re6 42.Rb3 a4 43.Ra3 Rb6 44.Rxa4  1/2-1/2

[Event "Bad Kissingen"]
[Site "Bad Kissingen"]
[Date "1981.??.??"]
[Round "?"]
[White "Lobron, Eric"]
[Black "Wirthensohn, Heinz"]
[Result "0-1"]
[WhiteElo "2405"]
[BlackElo "2420"]

1.Nf3 Nf6 2.g3 d5 3.Bg2 c6 4.O-O Bg4 5.c4 e6 6.b3 Nbd7 7.Bb2 Bd6 8.d4 O-O
9.Nbd2 Qe7 10.Ne5 Bh5 11.Qe1 Rfd8 12.Nd3 Ba3 13.Bc3 c5 14.cxd5 Nxd5 15.Bxd5 exd5
16.Nf4 cxd4 17.Bxd4 Bg4 18.Nxd5 Qxe2 19.Qxe2 Bxe2 20.Rfe1 Nf8 21.Nc7 Rxd4
22.Rxe2 Rad8 23.Nc4 Bc5 24.Nb5 Rd3 25.Rc1 a6 26.Nc3 Bb4 27.Ne4 Ne6 28.Re3 Rd1+
29.Rxd1 Rxd1+ 30.Kg2 b5 31.Nb2 Rd4 32.Nd3 Bf8 33.Kf1 Rd8 34.Nc3 Rc8 35.Nd5 g6
36.Ne5 Rd8 37.Nd7 Bd6 38.N5f6+ Kg7 39.Re4 Ba3 40.Re2 Bc5 41.f4 Bd4 42.f5 Bxf6
43.Nxf6 Kxf6 44.fxe6 Rd1+ 45.Kf2 fxe6 46.Kf3 e5 47.Rc2 Ke6 48.Rc6+ Rd6 49.Rc5 h5
50.Ke4 Rd4+ 51.Ke3 h4 52.Rc6+ Rd6 53.Rc5 hxg3 54.hxg3 Kf5 55.g4+ Kxg4 56.Rxe5 g5
57.a4 bxa4 58.bxa4 Rf6 59.a5 Kh4  0-1

[Event "Bad Kissingen"]
[Site "Bad Kissingen"]
[Date "1981.??.??"]
[Round "?"]
[White "Hort, Vlastimil"]
[Black "Wirthensohn, Heinz"]
[Result "1-0"]
[WhiteElo "2575"]
[BlackElo "2420"]

1.e4 c5 2.Nc3 e6 3.f4 d5 4.d3 dxe4 5.dxe4 Qxd1+ 6.Kxd1 Bd7 7.Nf3 Nc6 8.Be3 O-O-O
9.Kc1 Nf6 10.Be2 Be7 11.Rd1 Ng4 12.Bg1 f6 13.a4 Na5 14.Nd2 Nh6 15.Nc4 Nxc4
16.Bxc4 Rhe8 17.Nb5 a6 18.Nd6+ Bxd6 19.Rxd6 Bc6 20.Rxc6+ bxc6 21.Bxa6+ Kc7
22.Bxc5 Ra8 23.Bd3 e5 24.f5 g6 25.fxg6 hxg6 26.a5 f5 27.Ra4 f4 28.Bb6+ Kd6
29.h3 Ng8 30.b4 Nf6 31.c4 Nd7 32.c5+ Ke6 33.a6 Reb8 34.a7 Rxb6 35.cxb6 Nxb6
36.Ra6  1-0

[Event "Bad Kissingen"]
[Site "Bad Kissingen"]
[Date "1981.??.??"]
[Round "?"]
[White "Sosonko, Gennadi"]
[Black "Kortschnoj, Viktor"]
[Result "0-1"]
[WhiteElo "2595"]
[BlackElo "2650"]

1.d4 Nf6 2.c4 e6 3.g3 d5 4.Bg2 dxc4 5.Nf3 a6 6.O-O b5 7.Ne5 Nd5 8.Nc3 Bb7
9.Nxd5 exd5 10.e4 dxe4 11.Qh5 g6 12.Nxg6 fxg6 13.Qe5+ Qe7 14.Qxh8 Nd7 15.h4 O-O-O
16.Bg5 Qf7 17.Bh3 Re8 18.Rad1 Kb8 19.d5 Bc5 20.Be6 Rxh8 21.Bxf7 Ne5 22.Be6 Nd3
23.b3 c3 24.Kg2 Rf8 25.f3 c2 26.Rc1 Nxc1 27.Bxc1 e3 28.Re1 c6 29.d6 Rf6 30.d7 Kc7
31.Bh3 Bd4 32.Rxe3 Bxe3 33.Bxe3 c5 34.b4 Rxf3 35.Bc1 cxb4 36.Kh2 Bc6 37.Bg4 Rf1  0-1

[Event "Bad Kissingen"]
[Site "Bad Kissingen"]
[Date "1981.??.??"]
[Round "?"]
[White "Sosonko, Gennadi"]
[Black "Lobron, Eric"]
[Result "1/2-1/2"]
[WhiteElo "2595"]
[BlackElo "2405"]

1.d4 Nf6 2.c4 c5 3.d5 e6 4.Nc3 exd5 5.cxd5 d6 6.Nf3 g6 7.Bf4 a6 8.e4 Bg7
9.Qa4+ Bd7 10.Qb3 b5 11.Bxd6 b4 12.e5 bxc3 13.exf6 cxb2 14.Qxb2 Bxf6 15.Be5 Qe7
16.O-O-O Bxe5 17.Qxe5 Qxe5 18.Nxe5 Ba4 19.Rd2 Nd7 20.f4 f6 21.Nc4  1/2-1/2

[Event "Bad Kissingen"]
[Site "Bad Kissingen"]
[Date "1981.??.??"]
[Round "?"]
[White "Sosonko, Gennadi"]
[Black "Wirthensohn, Heinz"]
[Result "1/2-1/2"]
[WhiteElo "2595"]
[BlackElo "2420"]

1.d4 Nf6 2.c4 e6 3.Nf3 b6 4.g3 Bb7 5.Bg2 Bb4+ 6.Bd2 c5 7.O-O O-O 8.Bxb4 cxb4
9.Nbd2 d6 10.a3 bxa3 11.b4 a5 12.bxa5 Rxa5 13.Qb3 Nbd7 14.Rxa3 Rxa3 15.Qxa3 Qc7
16.Qb2 Ra8 17.Rc1 Qb8 18.Nb1 Ra4 19.Qb3 Qa8 20.Nc3 Ra1 21.Qd1 Rxc1 22.Qxc1 Qc8
23.Nb5 Bxf3 24.Bxf3 d5 25.Na3 e5 26.e3  1/2-1/2

[Event "Bad Kissingen"]
[Site "Bad Kissingen"]
[Date "1981.??.??"]
[Round "?"]
[White "Wirthensohn, Heinz"]
[Black "Hort, Vlastimil"]
[Result "0-1"]
[WhiteElo "2420"]
[BlackElo "2575"]

1.c4 e5 2.Nc3 Nc6 3.e3 f5 4.d4 d6 5.d5 Nce7 6.e4 Nf6 7.exf5 Nxf5 8.Bd3 g6
9.Nge2 Bg7 10.O-O O-O 11.Ng3 Bd7 12.Nge4 Nxe4 13.Bxe4 Rf7 14.Qd3 Qf8 15.Bd2 Bh6
16.Rae1 b6 17.Ne2 Bxd2 18.Qxd2 a5 19.Bd3 Qg7 20.Nc3 g5 21.Ne4 h6 22.Ng3 Nxg3
23.fxg3 Raf8 24.Qc2 g4 25.Rxf7 Rxf7 26.Rf1 Qg5 27.Rxf7 Kxf7 28.Qe2 Kf6 29.Kf2 Qc1
30.Qc2 Qxc2+ 31.Bxc2 b5 32.b3 c5 33.dxc6 Bxc6 34.h3 bxc4 35.bxc4 Bd7 36.h4 Bf5
37.Ba4 Bd3 38.Bb3 a4 39.Bxa4 Bxc4 40.a3 Be6 41.Bc6 Ke7 42.Be4 d5 43.Bg6 Kd6
44.Ke3 Kc5 45.h5 Kc4 46.Bc2 Kc3 47.Bd1 Bf5 48.a4 d4+  0-1

[Event "Bad Kissingen"]
[Site "Bad Kissingen"]
[Date "1981.??.??"]
[Round "?"]
[White "Wirthensohn, Heinz"]
[Black "Lobron, Eric"]
[Result "1/2-1/2"]
[WhiteElo "2420"]
[BlackElo "2405"]

1.c4 Nf6 2.Nc3 c5 3.Nf3 e6 4.e3 Nc6 5.d4 d5 6.cxd5 exd5 7.Be2 a6 8.O-O Bd6
9.dxc5 Bxc5 10.a3 O-O 11.b4 Ba7 12.Bb2 Bg4 13.Rc1 Re8 14.b5 axb5 15.Nxb5 Bb8
16.Qc2 Ne4 17.Rfd1 Ra6 18.g3 Qe7 19.Nc3 Ra5 20.Rxd5 Nxf2 21.Ng5 Nh3+ 22.Kh1 Nxg5
23.Bxg4 Qxe3 24.Rxa5 Nxa5 25.Nd5 Qe4+ 26.Qxe4 Nxe4 27.Bd7 Rd8 28.Bf5 Nd6
29.Bd3 Re8 30.a4 Nc6 31.Ba3 Re5 32.Nb4 Ne7 33.Nc2 Rd5 34.Bf1 Nc6 35.Nb4 Nxb4
36.Bxb4 g6 37.Bg2 Rd4 38.Bxd6 Bxd6 39.Bxb7 Rxa4 40.Rc2 h5 41.Rd2 Be5 42.Rd8+ Kg7
43.Rd7 Kf8 44.Bd5 Rd4 45.Rxf7+ Ke8 46.Bb3  1/2-1/2

[Event "Bad Kissingen"]
[Site "Bad Kissingen"]
[Date "1981.??.??"]
[Round "?"]
[White "Wirthensohn, Heinz"]
[Black "Sosonko, Gennadi"]
[Result "1-0"]
[WhiteElo "2420"]
[BlackElo "2595"]

1.c4 e5 2.Nc3 Nf6 3.d3 Nc6 4.g3 g6 5.Bg2 Bg7 6.Rb1 a5 7.a3 O-O 8.e3 Ne7 9.Nf3 d6
10.O-O Nh5 11.b4 f5 12.Bb2 c6 13.Qb3 Kh8 14.c5 d5 15.Na4 e4 16.Nd4 Nf6 17.Nb6 Ra7
18.dxe4 Nxe4 19.Rbd1 Ng8 20.f3 Ng5 21.e4 fxe4 22.Nxc8 Qxc8 23.fxe4 dxe4 24.h4 Nf3+
25.Bxf3 Rxf3 26.Nxf3 exf3 27.Qf7 Bxb2 28.Rd7 Qxd7 29.Qxd7 axb4 30.Rxf3 Nf6
31.Qd8+ Kg7 32.Qe7+ Kh6 33.Rxf6 bxa3 34.Rf7  1-0

[Event "Bad Kissingen"]
[Site "Bad Kissingen"]
[Date "1981.??.??"]
[Round "?"]
[White "Hort, Vlastimil"]
[Black "Sosonko, Gennadi"]
[Result "1/2-1/2"]
[WhiteElo "2575"]
[BlackElo "2595"]

1.c4 e5 2.Nc3 Nf6 3.Nf3 Nc6 4.d3 d6 5.g3 g6 6.Bg2 Bg7 7.O-O O-O 8.Rb1 a5
9.a3 Nd4 10.Be3 Nxf3+ 11.Bxf3 c6 12.Bg2 Be6 13.Qb3 Qe7 14.Rbc1 Ng4 15.Bd2 f5  1/2-1/2

[Event "Bad Kissingen"]
[Site "Bad Kissingen"]
[Date "1981.??.??"]
[Round "?"]
[White "Hort, Vlastimil"]
[Black "Kortschnoj, Viktor"]
[Result "1/2-1/2"]
[WhiteElo "2575"]
[BlackElo "2650"]

1.e4 c5 2.Nf3 e6 3.c3 d5 4.exd5 exd5 5.d4 a6 6.Bg5 Be7 7.Bxe7 Qxe7+ 8.Be2 Nf6
9.O-O O-O 10.Re1 Be6 11.Nbd2 Nc6 12.Bd3  1/2-1/2